书目信息 |
| 题名: |
2013年国家司法考试论述题10讲
|
|
| 作者: | 陈璐琼 编著 | |
| 分册: | ||
| 出版信息: | 北京 人民法院出版社 2013 |
|
| 页数: | 208页 | |
| 开本: | 25cm | |
| 丛书名: | ||
| 单 册: | ||
| 中图分类: | D9 | |
| 科图分类: | ||
| 主题词: | 法律--考核--自学参考资料 | |
| 电子资源: | ||
| ISBN: | 978-7-5109-0658-9 | |
| 000 | 00984nam0 2200253 450 | |
| 001 | 339657 | |
| 005 | 20150608161906.28 | |
| 010 | @a978-7-5109-0658-9@dCNY28.00 | |
| 100 | @a20130502d2013 em y0chiy50 ea | |
| 101 | 0 | @achi |
| 102 | @aCN@b110000 | |
| 105 | @ay zq 000yy | |
| 106 | @ar | |
| 200 | 1 | @a2013年国家司法考试论述题10讲@A2013 nian guo jia si fa kao shi lun shu ti 10 jiang@f陈璐琼编著 |
| 205 | @a第11版 | |
| 210 | @a北京@c人民法院出版社@d2013 | |
| 215 | @a208页@d25cm | |
| 300 | @a国家司法考试专题讲座系列 No.6 2013年国家司法考试精品书系·法院版 2013年法院版司法考试辅导用书系列 一 专题讲座系列 6 | |
| 330 | @a本书对国家司法考试论述题题型的解题技法进行了讲解, 内容分为10讲, 包括: 法律思维与写作模式总论、时政简答题、非平权性法律关系中的行政法、非平权性法律关系中的刑法、平权性法律关系中的民法等。 | |
| 606 | 0 | @a法律@x考核@j自学参考资料 |
| 690 | @aD9@v5 | |
| 701 | 0 | @a陈璐琼@Achen lu qiong@4编著 |
| 801 | 0 | @aCN@b卓展宏图@c20150525 |
| 905 | @dD9@e579=11@f4 | |
| 2013年国家司法考试论述题10讲/陈璐琼编著.-第11版.-北京:人民法院出版社,2013 |
| 208页;25cm |
| 国家司法考试专题讲座系列 No.6 2013年国家司法考试精品书系·法院版 2013年法院版司法考试辅导用书系列 一 专题讲座系列 6 |
| ISBN 978-7-5109-0658-9:CNY28.00 |
| 本书对国家司法考试论述题题型的解题技法进行了讲解, 内容分为10讲, 包括: 法律思维与写作模式总论、时政简答题、非平权性法律关系中的行政法、非平权性法律关系中的刑法、平权性法律关系中的民法等。 |
| ● |
| 相关链接 |
|
|
|
|
正题名:2013年国家司法考试论述题10讲
索取号:D9/579=11
 
预约/预借
| 序号 | 登录号 | 条形码 | 馆藏地/架位号 | 状态 | 备注 |
| 1 | 863533 | 208635333 | 第一样本阅览室/ [索取号:D9/579=11] | 在馆 | |
| 2 | 863534 | 208635342 | 密集书库-史法系/ [索取号:D9/579=11] | 在馆 | |
| 3 | 863535 | 208635351 | 第一借阅区/ [索取号:D9/579=11] | 在馆 | |
| 4 | 863536 | 208635360 | 第一借阅区/ [索取号:D9/579=11] | 在馆 |